<?xml version="1.0" encoding="UTF-8"?>
<collection xmlns="http://www.loc.gov/MARC21/slim">
  <record>
    <leader>00000nam  2200000   4500</leader>
    <controlfield tag="001">INLIS000000000002722</controlfield>
    <controlfield tag="005">20180724150339</controlfield>
    <controlfield tag="008">180724|||||||||   |   |||   |||| ||   | </controlfield>
    <datafield tag="035" ind1=" " ind2=" ">
      <subfield code="0">010-0718002722</subfield>
    </datafield>
    <datafield tag="041" ind1=" " ind2=" ">
      <subfield code="a">id</subfield>
    </datafield>
    <datafield tag="082" ind1=" " ind2=" ">
      <subfield code="a">R. 062</subfield>
    </datafield>
    <datafield tag="090" ind1=" " ind2=" ">
      <subfield code="a">R. 062 PIM I Angkatan XXXVII 2017</subfield>
    </datafield>
    <datafield tag="100" ind1=" " ind2=" ">
      <subfield code="a">Fitriyus H. MHD</subfield>
    </datafield>
    <datafield tag="245" ind1=" " ind2=" ">
      <subfield code="a">Peningkatan Pelayanan Sistem Informasi Pembangunan Daerah Melalui Smart Province Provinsi Sumatera Utara</subfield>
    </datafield>
    <datafield tag="260" ind1=" " ind2=" ">
      <subfield code="a">Jakarta</subfield>
      <subfield code="b">LAN Jakarta</subfield>
      <subfield code="c">2017</subfield>
    </datafield>
    <datafield tag="300" ind1=" " ind2=" ">
      <subfield code="a">82 hlm.; Lamp.; 30 cm</subfield>
    </datafield>
    <datafield tag="500" ind1=" " ind2=" ">
      <subfield code="a">Pada saat proyek ini disusun, pelayanan informasi pemerintah provinsi Sumatera Utara, seperti pelayanan kepada sesame OPD, antara pemerintah provinsi ke kabupaten/kota (G2G), dari pemerintah ke kalangan usaha/bisnis (G2B), maupun dari pemerintah ke masyarakat (G2C) masih bersifat konvensional, data belum update, dan sulit diakses.  Permasalahan tersebut mendorong lahirnya proyek perubahan yang disebut smart province.  Pembangunan smart province direncanakan untuk dilakukan pada tahapan jangka pendek, jangka menengah, dan jangka Panjang.   &#13;
           Pembangunan proyek perubahan ini mendatangkan beberapa manfaat, seperti informasi pembangunan daerah terintegrasi antara OPD pemerintah provinsi Sumatera Utara, pemerintah provinsi dengan pemerintah kabupaten/kota, pemerintah dengan masyarakat, pemerintah dengan dunia usaha/pelaku bisnis.  Meskipun demikian, smart province masih memerlukan monitoring dan evaluasi.</subfield>
    </datafield>
    <datafield tag="650" ind1=" " ind2=" ">
      <subfield code="a">Pelayanan</subfield>
    </datafield>
  </record>
</collection>
